[Event "FISU World University-ch 2020"]
[Site "Online"]
[Date "2020.10.26"]
[Round "2.12"]
[White "Dai, Changren"]
[Black "Cadilhac, Igor Tokuichi Kikuch"]
[Result "1/2-1/2"]
[WhiteElo "2503"]
[BlackElo "2323"]
[Annotator "TA"]
[PlyCount "167"]
[EventDate "2020.10.26"]
[SourceTitle "playchess.com"]
[Source "ChessBase"]
[SourceQuality "1"]

1. e4 e5 2. Nf3 Nc6 3. Bb5 a6 4. Ba4 Nf6 5. O-O Be7 6. Re1 b5 7. Bb3 d6 8. c3 O-O 9. h3 Nb8 10. d4 Nbd7 11. Nbd2 Bb7 12. Bc2 Re8 13. Nf1 Bf8 14. Ng3 g6 15. a4 c5 16. d5 c4 17. Bg5 Nc5 18. Qd2 Be7 19. Bh6 Nfd7 20. a5 Bf8 21. Bxf8 Nxf8 22. Qh6 Qf6 23. Nh5 Qh8 24. Qg5 Nfd7 25. Nh2 f6 26. Qg4 Bc8 27. Ng3 Nd3 28. Bxd3 Nc5 29. Qe2 Nxd3 30. Reb1 h5 31. b3 Nf4 32. Qf3 cxb3 33. Rxb3 Bd7 34. Ne2 Nxe2+ 35. Qxe2 Rec8 36. Qe3 Rc5 37. Nf3 Kg7 38. Ne1 Qh6 39. Qe2 Rac8 40. Qd3 Rc4 41. Nc2 Qf4 42. Re1 f5 43. f3 Qg3 44. Qe3 fxe4 45. fxe4 Qxe3+ 46. Rxe3 Ra4 47. Nb4 Rxa5 48. Rf3 Ra1+ 49. Kh2 Rf8 50. Rxf8 Kxf8 51. Nc6 Rc1 52. Ra3 Bc8 53. Nb4 Ke7 54. Kg3 Kf6 55. Nxa6 Bxa6 56. Rxa6 Rxc3+ 57. Kh4 Re3 58. Rxd6+ Kg7 59. g4 hxg4 60. hxg4 Kh6 61. g5+ Kg7 62. Rd7+ Kf8 63. Rb7 Rxe4+ 64. Kg3 b4 65. Rb6 Kf7 66. Rb7+ Kf8 67. Rb6 Rd4 68. Rxg6 Rxd5 69. Rb6 Rd4 70. Rb5 Re4 71. Kf3 Rf4+ 72. Ke3 Rg4 73. Rxe5 b3 74. Rb5 b2 75. Kf3 Rg1 76. Rxb2 Rxg5 77. Rb4 Rf5+ 78. Rf4 Rxf4+ 79. Kxf4 Ke7 80. Ke5 Kd7 81. Kd5 Ke7 82. Ke5 Kd7 83. Kd5 Ke7 84. Ke5 1/2-1/2

[Event "FISU World University-ch 2020"]
[Site "Online"]
[Date "2020.10.26"]
[Round "2.12"]
[White "Carstens Dobuchak, Thiago"]
[Black "Hu, Yu A."]
[Result "1/2-1/2"]
[WhiteElo "2184"]
[BlackElo "2094"]
[Annotator "TA"]
[PlyCount "134"]
[EventDate "2020.10.26"]
[SourceTitle "playchess.com"]
[Source "ChessBase"]
[SourceQuality "1"]

1. e4 c5 2. Nf3 d6 3. d4 cxd4 4. Qxd4 a6 5. Be2 Nc6 6. Qe3 Nf6 7. O-O g6 8. Rd1 Bg7 9. c4 O-O 10. h3 Qc7 11. Nc3 Be6 12. Rb1 Rac8 13. b3 Ne5 14. Bb2 Nxf3+ 15. Qxf3 Nd7 16. Qg3 Nc5 17. f4 f5 18. Nd5 Bxd5 19. exd5 Ne4 20. Qe3 Bxb2 21. Rxb2 Qc5 22. Qxc5 Rxc5 23. Bd3 b5 24. Re1 bxc4 25. bxc4 Rfc8 26. Rb6 Kf7 27. Rxa6 Nd2 28. Ra7 R8c7 29. Rxc7 Rxc7 30. Rc1 e6 31. dxe6+ Kxe6 32. Kf2 Ra7 33. Rc2 Ne4+ 34. Bxe4 fxe4 35. Ke3 Ra4 36. g4 d5 37. cxd5+ Kxd5 38. Rd2+ Ke6 39. h4 h5 40. gxh5 gxh5 41. Rg2 Ra3+ 42. Kxe4 Ra4+ 43. Ke3 Ra3+ 44. Kd4 Ra4+ 45. Kc5 Rxf4 46. Rh2 Kd7 47. Kb5 Kc7 48. a4 Kb7 49. a5 Rf5+ 50. Kb4 Ka6 51. Kc4 Kxa5 52. Kd4 Kb6 53. Ke4 Ra5 54. Kf4 Kc6 55. Rg2 Kd6 56. Rg6+ Ke7 57. Rg5 Rxg5 58. Kxg5 Kf7 59. Kxh5 Kg7 60. Kg5 Kh7 61. h5 Kg7 62. h6+ Kh7 63. Kh5 Kh8 64. Kg6 Kg8 65. h7+ Kh8 66. Kg5 Kxh7 67. Kh5 Kg7 1/2-1/2

[Event "FISU World University-ch 2020"]
[Site "Online"]
[Date "2020.10.26"]
[Round "2.12"]
[White "Librelato, Kathie Goulart"]
[Black "Pang Bo"]
[Result "0-1"]
[WhiteElo "2165"]
[BlackElo "1429"]
[Annotator "TA"]
[PlyCount "66"]
[EventDate "2020.10.26"]
[SourceTitle "playchess.com"]
[Source "ChessBase"]
[SourceQuality "1"]

1. e4 c5 2. Nf3 Nc6 3. d4 cxd4 4. Nxd4 Nf6 5. Nc3 d6 6. Be2 e5 7. Nb3 Be7 8. O-O O-O 9. Bg5 Nxe4 10. Bxe7 Nxc3 11. Bxd8 Nxd1 12. Bc7 Nxb2 13. Rab1 Na4 14. Bf3 Nc3 15. Ra1 e4 16. Bd1 Nb5 17. Ba5 Nxa5 18. Nxa5 Nc3 19. Re1 d5 20. Nb3 Be6 21. a4 Rfc8 22. Nd4 Bd7 23. Ra3 Rc4 24. Nb5 Nxa4 25. Be2 Rxc2 26. Bf1 Bxb5 27. Bxb5 Nc3 28. Bf1 b5 29. f3 b4 30. Ra6 f5 31. Rea1 b3 32. Rxa7 Rxa7 33. Rxa7 b2 0-1

[Event "FISU World University-ch 2020"]
[Site "Online"]
[Date "2020.10.26"]
[Round "2.12"]
[White "Jing, Jiyu"]
[Black "Alboredo, Julia"]
[Result "0-1"]
[WhiteElo "1581"]
[BlackElo "2182"]
[Annotator "TA"]
[PlyCount "92"]
[EventDate "2020.10.26"]
[SourceTitle "playchess.com"]
[Source "ChessBase"]
[SourceQuality "1"]

1. e4 c5 2. c3 d5 3. exd5 Qxd5 4. d4 g6 5. Nf3 Bg7 6. Be2 Nh6 7. O-O O-O 8. c4 Qd8 9. d5 Nf5 10. Nc3 Nd6 11. Qb3 Na6 12. Bf4 Nc7 13. Rfd1 Rb8 14. a4 Na6 15. Nb5 Nb4 16. Nxa7 Bf5 17. Rdc1 Ra8 18. Nb5 Nxb5 19. axb5 Bc2 20. Rxa8 Bxb3 21. Rxd8 Rxd8 22. Ra1 Bc2 23. Bc1 Nd3 24. Bxd3 Bxd3 25. Nd2 e6 26. Nb3 b6 27. dxe6 fxe6 28. Bg5 Rf8 29. Nd2 Bxb2 30. Re1 e5 31. Re3 Bf5 32. h3 h5 33. Kh2 Ra8 34. Bf6 Bd4 35. Re2 Ra2 36. Bg5 Bc3 37. h4 Kf7 38. Kg3 Rc2 39. f3 Bd4 40. Bh6 Bd3 41. Re1 Bxc4 42. Rb1 Bd3 43. Ne4 Rxg2+ 44. Kxg2 Bxb1 45. Nd6+ Ke6 46. Nc4 Bd3 0-1

[Event "FISU World University-ch 2020"]
[Site "Online"]
[Date "2020.10.26"]
[Round "2.13"]
[White "Yeoh, Li Tian"]
[Black "Georgescu, Lena"]
[Result "1/2-1/2"]
[WhiteElo "2523"]
[BlackElo "2276"]
[Annotator "TA"]
[PlyCount "180"]
[EventDate "2020.10.26"]
[SourceTitle "playchess.com"]
[Source "ChessBase"]
[SourceQuality "1"]

1. Nf3 Nf6 2. g3 d5 3. Bg2 c6 4. O-O Bg4 5. d3 Nbd7 6. Nbd2 e5 7. h3 Bh5 8. e4 dxe4 9. dxe4 Be7 10. Qe1 O-O 11. Nc4 Qc7 12. a4 Rfe8 13. Nh4 Bf8 14. b3 Nc5 15. Bg5 Nfd7 16. Be3 f6 17. Qc3 a5 18. Nf5 Ne6 19. g4 Bf7 20. Rfd1 Bb4 21. Qb2 Bc5 22. Ncd6 Rf8 23. Qc3 Bxe3 24. Qxe3 Nf4 25. Nxf7 Rxf7 26. Bf1 Kh8 27. Rd2 Nf8 28. Rad1 g6 29. Nd6 Rd7 30. Nc4 Rad8 31. Rxd7 Rxd7 32. Rxd7 Nxd7 33. Qd2 b6 34. Qd6 Qxd6 35. Nxd6 Kg7 36. h4 Kf8 37. Nc8 Ke8 38. f3 Kd8 39. Nd6 Ke7 40. Nc8+ Kd8 41. Nd6 Ke7 42. Nc4 Ne6 43. Be2 Nd4 44. Bd1 Kd8 45. Kf2 Kc7 46. Ke3 Ne6 47. Be2 Nf4 48. Bf1 Nc5 49. g5 fxg5 50. hxg5 Nfe6 51. Nxe5 Nxg5 52. Bg2 Nd7 53. Nc4 Nf7 54. f4 g5 55. Bh3 Nf6 56. Be6 gxf4+ 57. Kxf4 Nd8 58. Bf5 h6 59. Ke5 Nh5 60. Bg6 Ng3 61. Kf4 Ne2+ 62. Ke3 Ne6 63. Kxe2 Nf4+ 64. Kf3 Nxg6 65. Kg4 Nf8 66. Kf5 h5 67. Ne5 b5 68. Nf3 Kd6 69. Kg5 bxa4 70. bxa4 Ne6+ 71. Kf6 Nc5 72. Ng5 Nd7+ 73. Kf5 Nc5 74. Nf7+ Ke7 75. Ne5 Kd6 76. Nc4+ Kd7 77. e5 h4 78. Kg4 Nxa4 79. Nxa5 Ke6 80. Nxc6 Kd5 81. Kxh4 Kxc6 82. Kg5 Nc3 83. Kf6 Nd5+ 84. Ke6 Kc5 85. Kd7 Nb6+ 86. Kc7 Nd5+ 87. Kd7 Nb6+ 88. Ke7 Nd5+ 89. Kf7 Nc7 90. Ke7 Nd5+ 1/2-1/2

[Event "FISU World University-ch 2020"]
[Site "Online"]
[Date "2020.10.26"]
[Round "2.13"]
[White "Meylan, Andre"]
[Black "Tan, Li Ting"]
[Result "0-1"]
[WhiteElo "2205"]
[BlackElo "2087"]
[Annotator "TA"]
[PlyCount "138"]
[EventDate "2020.10.26"]
[SourceTitle "playchess.com"]
[Source "ChessBase"]
[SourceQuality "1"]

1. e4 e5 2. Nf3 Nc6 3. Nc3 Nf6 4. d4 exd4 5. Nd5 Be7 6. Nxd4 Nxd5 7. exd5 Nxd4 8. Qxd4 Bf6 9. Qe4+ Qe7 10. Bd3 Qxe4+ 11. Bxe4 d6 12. f3 Bd7 13. c3 O-O-O 14. Kf2 Rde8 15. Be3 Be5 16. a4 f5 17. Bd3 Kb8 18. Rhe1 h6 19. f4 Bf6 20. Bb5 c6 21. dxc6 bxc6 22. Bd3 c5 23. Bd2 Kc7 24. Rxe8 Rxe8 25. b3 d5 26. Rc1 Kd6 27. Be3 Rc8 28. g3 g6 29. Be2 h5 30. Bf3 Be6 31. Ke2 a5 32. Bd2 Rb8 33. Rb1 Bd7 34. Kd1 Bxa4 35. Kc2 Bc6 36. Ra1 Ra8 37. Ra2 a4 38. b4 cxb4 39. cxb4 Bb5 40. Kd1 Bc4 41. Ra3 Bb2 42. Bc1 Bxa3 43. Bxa3 Kc6 44. Kd2 Kb5 45. Bd1 Re8 46. Bf3 h4 47. g4 fxg4 48. Bxg4 Re4 49. Bd7+ Kb6 50. Bxa4 Rxf4 51. Be8 Rf2+ 52. Kd1 Rxh2 53. Bxg6 Bb3+ 54. Ke1 Ra2 55. Bc1 Ra1 56. Kd2 h3 57. Bh5 Kb5 58. Bb2 Ra2 59. Kc3 Bc4 60. Be8+ Kb6 61. Bh5 h2 62. Bf3 Kb5 63. Bh1 Ra8 64. Bc1 Ra1 65. Kb2 Ra2+ 66. Kc3 Rf2 67. Be3 Rf1 68. Bg2 h1=Q 69. Bxh1 Rxh1 0-1

[Event "FISU World University-ch 2020"]
[Site "Online"]
[Date "2020.10.26"]
[Round "2.13"]
[White "Meier, Lukas"]
[Black "Mohd Saprin, Amir Ghaazi"]
[Result "0-1"]
[WhiteElo "2094"]
[BlackElo "1951"]
[Annotator "TA"]
[PlyCount "110"]
[EventDate "2020.10.26"]
[SourceTitle "playchess.com"]
[Source "ChessBase"]
[SourceQuality "1"]

1. e4 e5 2. Nf3 Nc6 3. Bc4 Bc5 4. c3 Nf6 5. d3 d6 6. Bb3 a6 7. O-O Ba7 8. Re1 h6 9. Nbd2 O-O 10. h3 Re8 11. Nf1 Ne7 12. N3h2 Ng6 13. Be3 Bxe3 14. fxe3 c6 15. Qf3 d5 16. exd5 cxd5 17. e4 dxe4 18. dxe4 Qb6+ 19. Kh1 Nf4 20. Ne3 Be6 21. Bxe6 fxe6 22. b3 Rad8 23. Rad1 Qc5 24. c4 Rd4 25. Neg4 Nxg4 26. Nxg4 Red8 27. Rxd4 Qxd4 28. Rf1 h5 29. Ne3 Rf8 30. Rd1 Nd3 31. Nf5 Nf2+ 32. Kh2 Rxf5 33. Rxd4 Rxf3 34. Rd7 Rf7 35. Rd6 Re7 36. Rd8+ Kf7 37. Kg3 Nxe4+ 38. Kf3 Nf6 39. Ke3 Rd7 40. Rb8 e4 41. b4 Kg6 42. a4 Kf5 43. b5 axb5 44. axb5 Rc7 45. b6 Rxc4 46. Rxb7 Rb4 47. Rxg7 Rxb6 48. h4 Rb3+ 49. Ke2 Ng4 50. Rg5+ Kf4 51. Rxh5 Rb2+ 52. Ke1 Ke3 53. Kd1 Nf2+ 54. Kc1 Nd3+ 55. Kd1 Rd2# 0-1

[Event "FISU World University-ch 2020"]
[Site "Online"]
[Date "2020.10.26"]
[Round "2.13"]
[White "Azhar, Puteri Munajjah Az-Z"]
[Black "Stoeri, Laura"]
[Result "1-0"]
[WhiteElo "2046"]
[BlackElo "2126"]
[Annotator "TA"]
[PlyCount "95"]
[EventDate "2020.10.26"]
[SourceTitle "playchess.com"]
[Source "ChessBase"]
[SourceQuality "1"]

1. d4 Nf6 2. c4 e6 3. Nc3 Bb4 4. Qc2 b6 5. e4 Bb7 6. Bd3 Nc6 7. Nge2 e5 8. d5 Nd4 9. Qd1 Nxe2 10. Qxe2 Bxc3+ 11. bxc3 d6 12. O-O h6 13. f4 Qe7 14. f5 O-O-O 15. Be3 Rdg8 16. Rf2 Qe8 17. a4 a5 18. h3 h5 19. Qb2 Nd7 20. Raf1 f6 21. c5 dxc5 22. Bb5 Qe7 23. Qe2 Nb8 24. Qd1 Ba6 25. c4 Kb7 26. Qd2 Rd8 27. Qb2 c6 28. dxc6+ Nxc6 29. Rb1 Nb4 30. Rd2 Rd6 31. Rbd1 Rhd8 32. Qc3 Ka7 33. Kf2 Bb7 34. Kf3 Rd4 35. Bxd4 exd4 36. Qb2 Qxe4+ 37. Kg3 Qe5+ 38. Kf2 Qh2 39. Rg1 h4 40. Qb3 Re8 41. Bxe8 Qf4+ 42. Ke1 Qe4+ 43. Re2 Qxf5 44. Rf1 Nd3+ 45. Kd2 Qxf1 46. Qxd3 Bxg2 47. Re7+ Ka6 48. Bb5# 1-0

[Event "FISU World University-ch 2020"]
[Site "Online"]
[Date "2020.10.26"]
[Round "2.14"]
[White "Paradzik, Berislav"]
[Black "Vaculik, Jakub"]
[Result "1-0"]
[WhiteElo "2185"]
[BlackElo "2147"]
[Annotator "TA"]
[PlyCount "167"]
[EventDate "2020.10.26"]
[SourceTitle "playchess.com"]
[Source "ChessBase"]
[SourceQuality "1"]

1. d4 d5 2. Bf4 c6 3. e3 Nf6 4. Bd3 e6 5. Nf3 Nbd7 6. Nbd2 Be7 7. c3 b6 8. O-O Nh5 9. Ne5 Nxf4 10. exf4 Nxe5 11. fxe5 a6 12. Qg4 g6 13. f4 c5 14. a4 Bd7 15. Nf3 b5 16. axb5 Bxb5 17. Bxb5+ axb5 18. Ng5 h5 19. Qg3 Bxg5 20. Qxg5 cxd4 21. Qxd8+ Rxd8 22. cxd4 O-O 23. b3 Rc8 24. Rfc1 Rxc1+ 25. Rxc1 Ra8 26. Rc5 Ra1+ 27. Kf2 Ra2+ 28. Kf3 Rd2 29. Rxb5 Rxd4 30. Rb7 Rd2 31. b4 Rb2 32. b5 Rb3+ 33. Kf2 h4 34. b6 Kg7 35. Rb8 Rb2+ 36. Kf3 Rb3+ 37. Kg4 h3 38. g3 d4 39. Rd8 Rxb6 40. Rxd4 Rb2 41. Kxh3 Ra2 42. Rd3 Rb2 43. g4 Rb1 44. Rd2 Re1 45. Kh4 Re4 46. Kg5 Re1 47. h4 Rg1 48. Rf2 Rg3 49. h5 gxh5 50. Kxh5 Rh3+ 51. Kg5 Rg3 52. Rb2 Re3 53. Rb5 Rg3 54. Rb4 Rg1 55. Re4 Rg2 56. Re1 Rg3 57. Rf1 Re3 58. Kh4 Kh7 59. Kg5 Kg7 60. Rh1 Re2 61. Rh6 Re1 62. Rf6 Re2 63. Kh4 Re1 64. Kg3 Rg1+ 65. Kf3 Kg8 66. g5 Kg7 67. Kf2 Rg4 68. Ke3 Rg2 69. Kd3 Rg1 70. Kc4 Rc1+ 71. Kd4 Rg1 72. Kc5 Rd1 73. g6 fxg6 74. Rxe6 Rf1 75. Rf6 Rd1 76. Kc6 Rd4 77. f5 gxf5 78. Rxf5 Kg6 79. Rf1 Kg7 80. e6 Re4 81. Kd7 Rd4+ 82. Ke7 Kg6 83. Rg1+ Kf5 84. Kf7 1-0

[Event "FISU World University-ch 2020"]
[Site "Online"]
[Date "2020.10.26"]
[Round "2.14"]
[White "Marikova, Jana"]
[Black "Pavic, Filip"]
[Result "0-1"]
[WhiteElo "2163"]
[BlackElo "2255"]
[Annotator "TA"]
[PlyCount "102"]
[EventDate "2020.10.26"]
[SourceTitle "playchess.com"]
[Source "ChessBase"]
[SourceQuality "1"]

1. d4 Nf6 2. c4 e6 3. Nf3 b6 4. Bf4 Bb7 5. a3 Be7 6. Nc3 Ne4 7. e3 Nxc3 8. bxc3 d6 9. Be2 Nd7 10. O-O Nf6 11. Nd2 O-O 12. Qc2 Rc8 13. e4 Nd7 14. Be3 c5 15. d5 e5 16. Bg4 Rc7 17. a4 Bg5 18. Bxg5 Qxg5 19. Bxd7 Rxd7 20. a5 bxa5 21. Rxa5 Bc8 22. Rfa1 a6 23. Rb1 Rdd8 24. Nf3 Qg6 25. Nh4 Qg4 26. Nf3 f5 27. Nd2 fxe4 28. Nxe4 Rf4 29. Ng3 Rxc4 30. Rb8 Rf8 31. f3 Qf4 32. Ra3 Qe3+ 33. Kf1 g6 34. Rxc8 Rxc8 35. Rb3 Rf8 36. Qb2 e4 37. Rb8 Qd3+ 38. Kg1 Qe3+ 39. Kf1 Rxc3 40. Rxf8+ Kxf8 41. Qb8+ Kg7 42. Qc7+ Kh6 43. Nf5+ gxf5 44. Qxd6+ Kh5 45. g4+ fxg4 46. Qe5+ Kg6 47. Qe6+ Kg5 48. Qe5+ Kh4 49. Qg3+ Kh5 50. Qe5+ Qg5 51. Qe8+ Kh4 0-1

[Event "FISU World University-ch 2020"]
[Site "Online"]
[Date "2020.10.26"]
[Round "2.14"]
[White "Pulpan, Matej"]
[Black "Matanovic, Pavo"]
[Result "1-0"]
[WhiteElo "2077"]
[BlackElo "1832"]
[Annotator "RC"]
[PlyCount "39"]
[EventDate "2020.10.26"]
[SourceTitle "playchess.com"]
[Source "ChessBase"]
[SourceQuality "1"]

1. e4 e5 2. Nf3 Nc6 3. d4 exd4 4. Nxd4 Bc5 5. Be3 Qf6 6. Nb5 Bxe3 7. fxe3 Qxb2 8. N1c3 Kd8 9. Rb1 Qxb1 10. Qxb1 a6 11. Nd4 Ne5 12. Be2 Nf6 13. O-O d6 14. Qb3 Rf8 15. Bd3 Neg4 16. Nd5 Be6 17. Qxb7 Rc8 18. Nc6+ Ke8 19. Nxc7+ Rxc7 20. Qxc7 1-0

[Event "FISU World University-ch 2020"]
[Site "Online"]
[Date "2020.10.26"]
[Round "2.14"]
[White "Purkic, Ruza"]
[Black "Otruba, Marek"]
[Result "0-1"]
[WhiteElo "1483"]
[BlackElo "2017"]
[Annotator "TA"]
[PlyCount "100"]
[EventDate "2020.10.26"]
[SourceTitle "playchess.com"]
[Source "ChessBase"]
[SourceQuality "1"]

1. c4 e6 2. g3 d5 3. cxd5 exd5 4. Bg2 c6 5. d4 Nf6 6. Nc3 Be7 7. Nf3 O-O 8. O-O Nbd7 9. a3 a5 10. Bd2 Re8 11. Qc2 Nf8 12. Na4 Ne6 13. b4 axb4 14. axb4 Ne4 15. Nc5 Rxa1 16. Rxa1 Nd6 17. e3 Nc4 18. Bc3 Nc7 19. Nd2 Nxd2 20. Bxd2 Nb5 21. Ra8 Qc7 22. Qd3 b6 23. Nb3 Qb7 24. Ra1 Nd6 25. Bc3 g6 26. Nd2 Bf5 27. Qa6 Qxa6 28. Rxa6 Nb5 29. Nb1 Bxb1 30. Be1 Bd8 31. Bh3 f5 32. g4 fxg4 33. Bxg4 Bf5 34. Bf3 Nxd4 35. exd4 Rxe1+ 36. Kg2 Re8 37. Ra8 Kf8 38. b5 Bf6 39. Rxe8+ Kxe8 40. bxc6 Be4 41. Bxe4 dxe4 42. d5 Kd8 43. Kf1 Kc7 44. Ke2 Bd4 45. h3 Kd6 46. f3 exf3+ 47. Kxf3 b5 48. Ke4 Bb6 49. h4 b4 50. Kd3 Kxd5 0-1

[Event "FISU World University-ch 2020"]
[Site "Online"]
[Date "2020.10.26"]
[Round "2.15"]
[White "Blandon, Luis Guillermo"]
[Black "Benedetti, Julio"]
[Result "0-1"]
[WhiteElo "2251"]
[BlackElo "2282"]
[Annotator "RC"]
[PlyCount "90"]
[EventDate "2020.10.26"]
[SourceTitle "playchess.com"]
[Source "ChessBase"]
[SourceQuality "1"]

1. e4 c5 2. Nf3 Nc6 3. d4 cxd4 4. Nxd4 Nf6 5. Nc3 e5 6. Ndb5 d6 7. Bg5 a6 8. Na3 b5 9. Nd5 Be7 10. Bxf6 Bxf6 11. c4 b4 12. Nc2 a5 13. Qf3 Bg5 14. h4 Bh6 15. g4 Bf4 16. Rd1 O-O 17. g5 b3 18. axb3 Rb8 19. c5 Kh8 20. cxd6 Qxd6 21. Qc3 Qg6 22. Qf3 Bg4 23. Qxg4 Qxe4+ 24. Nce3 Qxh1 25. Nxf4 exf4 26. Qxf4 Rfe8 27. Ke2 Rxb3 28. Qxf7 Rxb2+ 29. Rd2 Rxd2+ 30. Kxd2 Rd8+ 31. Ke2 Nd4+ 32. Kd3 Qc6 33. Bg2 Qb5+ 34. Ke4 Nc6 35. Kf4 Ne5 36. Qe6 Ng6+ 37. Kg3 Qe5+ 38. Qxe5 Nxe5 39. f4 Nd3 40. Bd5 g6 41. Bc4 Nb2 42. Ba2 Rd3 43. Kf2 Nd1+ 44. Nxd1 Rxd1 45. Ke3 Rh1 0-1

[Event "FISU World University-ch 2020"]
[Site "Online"]
[Date "2020.10.26"]
[Round "2.15"]
[White "Cimer, Emanuel"]
[Black "Zapata Arbelaez, Estiven"]
[Result "0-1"]
[WhiteElo "2247"]
[BlackElo "2203"]
[Annotator "TA"]
[PlyCount "122"]
[EventDate "2020.10.26"]
[SourceTitle "playchess.com"]
[Source "ChessBase"]
[SourceQuality "1"]

1. e4 e5 2. Nf3 Nc6 3. Bb5 Nf6 4. d3 d6 5. c3 a6 6. Ba4 b5 7. Bb3 Be7 8. O-O Na5 9. Bc2 c5 10. Nbd2 O-O 11. Re1 Nc6 12. Nf1 Re8 13. Ng3 Bf8 14. h3 g6 15. d4 Bg7 16. Be3 cxd4 17. cxd4 exd4 18. Nxd4 Bb7 19. Rc1 Rc8 20. Qd2 d5 21. Nxc6 Bxc6 22. exd5 Qxd5 23. Qxd5 Nxd5 24. Bb3 Nxe3 25. fxe3 Bxb2 26. Rc2 Be5 27. Nf1 Kg7 28. Rec1 Bb7 29. Rxc8 Rxc8 30. Rd1 a5 31. Rd2 Be4 32. Bd5 Bc3 33. Bxe4 Bxd2 34. Nxd2 f5 35. Bb1 Rd8 36. Nf1 Rd1 37. Bc2 Ra1 38. Bb3 a4 39. Bd5 b4 40. Kf2 b3 41. axb3 Rd1 42. Bc4 a3 43. b4 Rc1 44. Bd5 Rc2+ 45. Kf3 a2 46. Bxa2 Rxa2 47. Ng3 Rb2 48. Ne2 Rxb4 49. Nd4 Kf6 50. Ne2 Rc4 51. Nf4 g5 52. Ne2 h5 53. Kf2 Ke5 54. Nd4 Rxd4 55. exd4+ Kxd4 56. Kf3 Ke5 57. g3 Ke6 58. Ke3 Kd5 59. Kf3 Kd4 60. h4 gxh4 61. gxh4 Ke5 0-1

[Event "FISU World University-ch 2020"]
[Site "Online"]
[Date "2020.10.26"]
[Round "2.15"]
[White "Ocampo, Cristina"]
[Black "Campos, Maria Jose"]
[Result "0-1"]
[WhiteElo "1970"]
[BlackElo "2112"]
[Annotator "TA"]
[PlyCount "96"]
[EventDate "2020.10.26"]
[SourceTitle "playchess.com"]
[Source "ChessBase"]
[SourceQuality "1"]

1. e4 e5 2. Nf3 Nc6 3. Bb5 a6 4. Ba4 Nf6 5. O-O Be7 6. Re1 b5 7. Bb3 d6 8. a4 Bb7 9. d3 O-O 10. Nc3 b4 11. Ne2 Re8 12. a5 h6 13. Ng3 Bf8 14. Nf5 d5 15. Qe2 dxe4 16. dxe4 Nd4 17. N3xd4 exd4 18. f3 Bc8 19. Qf1 Bxf5 20. exf5 Rxe1 21. Qxe1 Qd7 22. Qg3 Bd6 23. Qh4 Qxf5 24. Bd2 Re8 25. Re1 Rxe1+ 26. Bxe1 Qxa5 27. Bg3 Bxg3 28. Qxg3 Qc5 29. Qf2 Qe5 30. g3 Nd5 31. Bxd5 Qxd5 32. Qe2 a5 33. Kg2 c5 34. Qe8+ Kh7 35. Qe7 c4 36. Qe2 a4 37. Qd2 Qc5 38. Qf4 a3 39. bxa3 bxa3 40. Qe4+ f5 41. Qe6 d3 42. h4 d2 43. h5 d1=Q 44. Qg6+ Kg8 45. Qe8+ Qf8 46. Qe6+ Kh8 47. Qxc4 Qd2+ 48. Kh3 f4 0-1

[Event "FISU World University-ch 2020"]
[Site "Online"]
[Date "2020.10.26"]
[Round "2.15"]
[White "Curatolo, Nicolas Matias"]
[Black "Cardona Martinez, Lina Sofia"]
[Result "1/2-1/2"]
[WhiteElo "1665"]
[BlackElo "1877"]
[Annotator "NA RC"]
[PlyCount "64"]
[EventDate "2020.10.26"]
[SourceTitle "playchess.com"]
[Source "ChessBase"]
[SourceQuality "1"]

1. d4 Nf6 2. c4 c5 3. d5 b5 4. cxb5 a6 5. bxa6 Bxa6 6. Nc3 d6 7. e4 Bxf1 8. Kxf1 g6 9. Nf3 Bg7 10. g3 O-O 11. Kg2 Nbd7 12. h3 Qa5 13. Re1 Rfb8 14. e5 Ne8 15. e6 fxe6 16. Rxe6 Bxc3 17. bxc3 Qxc3 18. Bg5 Ndf6 19. Rc1 Qb2 20. Rc2 Qb7 21. Qe2 Qxd5 22. Rxe7 Ra4 23. Rd2 Re4 24. Rxd5 Rxe2 25. Rxe2 Nxd5 26. Nd2 Kf7 27. Ne4 Ra8 28. Rd2 Nb4 29. Nxd6+ Nxd6 30. Rxd6 Nxa2 31. Rd7+ Kg8 32. Rc7 Nc3 1/2-1/2

[Event "FISU World University-ch 2020"]
[Site "Online"]
[Date "2020.10.26"]
[Round "2.16"]
[White "Limon Olmos, Ivan Alonso"]
[Black "Ramirez Madrid, Gerardo Alfonso"]
[Result "1-0"]
[WhiteElo "2154"]
[BlackElo "2029"]
[Annotator "TA"]
[PlyCount "39"]
[EventDate "2020.10.26"]
[SourceTitle "playchess.com"]
[Source "ChessBase"]
[SourceQuality "1"]

1. d4 f6 2. e4 g6 3. h4 h5 4. Nf3 Nh6 5. Bd3 e6 6. c4 d6 7. e5 f5 8. Qe2 Be7 9. d5 Nf7 10. Nc3 c6 11. Bf4 dxe5 12. Nxe5 exd5 13. Nxg6 Rg8 14. Nxe7 Qxe7 15. Qxe7+ Kxe7 16. cxd5 Bd7 17. O-O Kf6 18. Rfe1 Na6 19. Bc4 Rg4 20. g3 1-0

[Event "FISU World University-ch 2020"]
[Site "Online"]
[Date "2020.10.26"]
[Round "2.16"]
[White "Lima Martinez, Alejandro"]
[Black "Carvajal Pena, Daniel"]
[Result "0-1"]
[WhiteElo "2074"]
[BlackElo "1929"]
[Annotator "TA"]
[PlyCount "112"]
[EventDate "2020.10.26"]
[SourceTitle "playchess.com"]
[Source "ChessBase"]
[SourceQuality "1"]

1. d4 d5 2. Nf3 e6 3. c4 c5 4. cxd5 exd5 5. g3 Nc6 6. Bg2 Nf6 7. O-O Be7 8. Nc3 O-O 9. dxc5 d4 10. Na4 Ne4 11. a3 Nxc5 12. Nxc5 Bxc5 13. b4 Bb6 14. Bb2 a6 15. Qd3 Re8 16. Rad1 Qe7 17. Rfe1 Rd8 18. h3 Be6 19. Kh2 Rac8 20. Rc1 Qd7 21. Red1 Bf5 22. Qd2 Qe6 23. Nh4 Be4 24. Bxe4 Qxe4 25. Qd3 Qxd3 26. Rxd3 Ne5 27. Rxc8 Rxc8 28. Rd2 Rd8 29. Rd1 Nc4 30. Bc1 Re8 31. Kg1 Rxe2 32. Nf3 Re4 33. Kf1 f6 34. Nd2 Nxd2+ 35. Rxd2 Kf7 36. Re2 f5 37. f3 Re6 38. Rxe6 Kxe6 39. Ke2 Kd5 40. Kd3 Bc7 41. f4 g5 42. Bd2 Bd6 43. Bc1 gxf4 44. gxf4 h6 45. Bd2 a5 46. bxa5 Bxa3 47. Be1 Bd6 48. Bf2 Bxf4 49. Bxd4 Be5 50. Be3 h5 51. Bb6 Bd6 52. Ke3 Ke5 53. Bd4+ Kd5 54. Bb6 Bb8 55. Kf3 Kc4 56. Ke3 Kc3 0-1

[Event "FISU World University-ch 2020"]
[Site "Online"]
[Date "2020.10.26"]
[Round "2.16"]
[White "Morera Campos, Heizel Maria"]
[Black "Real Pereyra, Jeronimo"]
[Result "1/2-1/2"]
[WhiteElo "1980"]
[BlackElo "2130"]
[Annotator "TA"]
[PlyCount "179"]
[EventDate "2020.10.26"]
[SourceTitle "playchess.com"]
[Source "ChessBase"]
[SourceQuality "1"]

1. e4 c5 2. Nc3 Nc6 3. g3 g6 4. Bg2 Bg7 5. d3 d6 6. Nge2 e6 7. O-O Nge7 8. Be3 Nd4 9. Qd2 O-O 10. Rae1 Rb8 11. Nc1 b5 12. Nd1 b4 13. c3 bxc3 14. bxc3 Ndc6 15. Bh6 e5 16. Bxg7 Kxg7 17. f4 f5 18. Ne3 Be6 19. Ne2 fxe4 20. dxe4 Na5 21. g4 Nc4 22. Nxc4 Bxc4 23. f5 d5 24. Qg5 Nc6 25. Qxd8 Rbxd8 26. exd5 Bxd5 27. Ng3 Bxg2 28. Kxg2 Rd2+ 29. Rf2 Rxf2+ 30. Kxf2 h5 31. h3 hxg4 32. hxg4 Rd8 33. Ke3 c4 34. Ne4 gxf5 35. gxf5 Rd3+ 36. Ke2 Kf7 37. Rd1 Rxd1 38. Kxd1 Ne7 39. Nd6+ Kf6 40. Nxc4 Kxf5 41. Ke2 Nd5 42. Ne3+ Ke4 43. Nd1 Nf4+ 44. Kd2 Ne6 45. Ke2 Nc5 46. Nf2+ Kd5 47. Ng4 a5 48. Ne3+ Ke4 49. Nc4 a4 50. Nb6 Kf4 51. Nd5+ Kf5 52. Ke3 Ke6 53. Nb6 Kd6 54. Nc4+ Kd5 55. Nb6+ Ke6 56. c4 Kf5 57. Nd5 Ke6 58. Nc3 Kd6 59. a3 Kc6 60. Nb5 Nd7 61. Nc3 Kc5 62. Kd3 Nb6 63. Ne4+ Kc6 64. c5 Nd7 65. Kc4 Nb8 66. Nc3 Na6 67. Nxa4 e4 68. Kd4 e3 69. Kxe3 Kb5 70. Nc3+ Kxc5 71. Kd3 Nc7 72. Ne4+ Kb6 73. Kc4 Nb5 74. a4 Na3+ 75. Kb3 Nb5 76. Kb4 Nc7 77. a5+ Ka7 78. Nc5 Na6+ 79. Kb5 Nxc5 80. Kxc5 Ka6 81. Kb4 Ka7 82. Kb5 Kb7 83. a6+ Ka7 84. Ka5 Ka8 85. Kb6 Kb8 86. Kc6 Ka7 87. Kb5 Ka8 88. Kb6 Kb8 89. a7+ Ka8 90. Ka6 1/2-1/2